| 000 | 00680nam a2200277Ia 4500 | ||
|---|---|---|---|
| 005 | 20260320195900.0 | ||
| 008 | 008 262003s9999 xx 000 0 hin d | ||
| 020 | _a9789388933087 | ||
| 037 | _aEBOOK | ||
| 040 | _aCRL | ||
| 040 | _bhin | ||
| 040 | _cCRL | ||
| 041 | _2hin | ||
| 041 | _ahin | ||
| 084 | _qCRL | ||
| 100 |
_aगीतेश शर्मा _91133426 |
||
| 245 | 0 | _aभारतीय संस्कृति और सेक्स | |
| 250 | _a2nd | ||
| 260 | _bRajkamal | ||
| 260 | _c2019 | ||
| 300 | _a104 | ||
| 856 | _uhttps://ebook.indiaread.in/pdfs/9789388933087.pdf | ||
| 942 | _cEBOOK | ||
| 999 |
_c1716990 _d1716990 |
||